Detalles MARC
| 000 -CABECERA |
| campo de control de longitud fija |
01102pam a2200277 a 4500 |
| 001 - NÚMERO DE CONTROL |
| campo de control |
000018394 |
| 005 - FECHA Y HORA DE LA ÚLTIMA TRANSACCIÓN |
| campo de control |
20200929165505.0 |
| 008 - DATOS DE LONGITUD FIJA--INFORMACIÓN GENERAL |
| campo de control de longitud fija |
890403s1990 enk 001 0 eng |
| 010 ## - NÚMERO DE CONTROL DE LA BIBLIOTECA DEL CONGRESO |
| Número de control de LC |
89009242 |
| 020 ## - NÚMERO INTERNACIONAL ESTÁNDAR DEL LIBRO |
| Número Internacional Estándar del Libro |
0192141066 : |
| Condiciones de disponibilidad |
$27.00 |
| 040 ## - FUENTE DE LA CATALOGACIÓN |
| Centro catalogador/agencia de origen |
DO-SdBNP |
| Centro/agencia transcriptor |
DLC |
| Centro/agencia modificador |
DLC |
| 050 00 - SIGNATURA TOPOGRÁFICA DE LA BIBLIOTECA DEL CONGRESO |
| Número de clasificación |
PR1285 |
| Número de documento/Ítem |
.O94 1990 |
| 082 00 - NÚMERO DE LA CLASIFICACIÓN DECIMAL DEWEY |
| Número de clasificación |
828/.08 |
| Número de edición |
20 |
| 245 04 - MENCIÓN DE TÍTULO |
| Título |
The Oxford book of humorous prose : |
| Resto del título |
from William Caxton to P.G. Wodehouse : a conducted tour / |
| Mención de responsabilidad, etc. |
[chosen and edited] by Frank Muir. |
| 260 ## - PUBLICACIÓN, DISTRIBUCIÓN, ETC. |
| Lugar de publicación, distribución, etc. |
Oxford ; |
| -- |
New York : |
| Nombre del editor, distribuidor, etc. |
Oxford University Press, |
| Fecha de publicación, distribución, etc. |
1990. |
| 300 ## - DESCRIPCIÓN FÍSICA |
| Extensión |
xxxiv, 1162 p. ; |
| Dimensiones |
25 cm. |
| 500 ## - NOTA GENERAL |
| Nota general |
Includes index. |
| 650 #0 - PUNTO DE ACCESO ADICIONAL DE MATERIA--TÉRMINO DE MATERIA |
| Término de materia o nombre geográfico como elemento de entrada |
English prose literature. |
| 9 (RLIN) |
39831 |
| 650 #0 - PUNTO DE ACCESO ADICIONAL DE MATERIA--TÉRMINO DE MATERIA |
| Término de materia o nombre geográfico como elemento de entrada |
American prose literature. |
| 9 (RLIN) |
39832 |
| 650 #0 - PUNTO DE ACCESO ADICIONAL DE MATERIA--TÉRMINO DE MATERIA |
| Término de materia o nombre geográfico como elemento de entrada |
English wit and humor. |
| 9 (RLIN) |
39833 |
| 650 #0 - PUNTO DE ACCESO ADICIONAL DE MATERIA--TÉRMINO DE MATERIA |
| Término de materia o nombre geográfico como elemento de entrada |
American wit and humor. |
| 9 (RLIN) |
39834 |
| 700 1# - PUNTO DE ACCESO ADICIONAL--NOMBRE DE PERSONA |
| Nombre de persona |
Muir, Frank. |
| 9 (RLIN) |
39835 |
| 856 42 - LOCALIZACIÓN Y ACCESO ELECTRÓNICOS |
| Especificación de materiales |
Publisher description |
| Identificador Uniforme del Recurso |
<a href="http://www.loc.gov/catdir/enhancements/fy0640/89009242-d.html">http://www.loc.gov/catdir/enhancements/fy0640/89009242-d.html</a> |
| 856 42 - LOCALIZACIÓN Y ACCESO ELECTRÓNICOS |
| Especificación de materiales |
Contributor biographical information |
| Identificador Uniforme del Recurso |
<a href="http://www.loc.gov/catdir/enhancements/fy0726/89009242-b.html">http://www.loc.gov/catdir/enhancements/fy0726/89009242-b.html</a> |
| 910 ## - DATOS DE OPCIÓN DEL USUARIO (OCLC) |
| Datos de opción del usuario |
Catalogación por derivada / LC |